00497nam a2200157Ia 450000500170000000800410001704100080005808200160006610000240008224500300010626000370013630000090017365000230018299900190020595201150022420250729165800.0250729s2017 xx 000 0 und d aeng a370.25 SHIG aShiva Kumar9232869 aGender,School and Society aMysorebVismaya Prakashanac2017 a203p aPsychology9232870 c239997d239997 00104070aALbALd2025-07-29eManagement Bookl0o370.25 SHIGpBED05316r2025-07-29 16:58:00w2025-07-29yBK